| 000 | 02136cam a22004454i 4500 | ||
|---|---|---|---|
| 003 | PE-LiUPU | ||
| 005 | 20250731172949.0 | ||
| 008 | 150623s1993 miu rb 000 0 eng d | ||
| 020 | _a031051830X | ||
| 035 | _a(Sirsi) i9780310518303 | ||
| 040 |
_aPE-LiUPU _bspa _cPE-LiUPU _erda |
||
| 049 | _aPRUA | ||
| 082 | 0 | 4 |
_a220.66 _bC737 _223 |
| 245 | 0 | 2 |
_aA complete literary guide to the Bible / _ceditado por Leland Ryken y Tremper Longman III. |
| 264 | 1 |
_aMichigan : _bZondervan Publishing House, _c1993. |
|
| 300 |
_a528 páginas ; _c24 centímetros. |
||
| 336 |
_atext _2rdacontent |
||
| 337 |
_aunmediated _2rdamedia |
||
| 338 |
_avolume _2rdacarrier |
||
| 504 | _aBibliografía al final de cada capítulo. | ||
| 505 | 0 | _aIntroduction -- The Bible as literature -- The Bible as literature : a brief history -- Biblical narrative -- Biblical poetry -- The literature of the Old Testament -- Genesis -- Exodus, Leviticus, Numbers and Deuteronomy -- Joshua and Judges -- Ruth -- First and second Samuel -- First and second Kings -- First and second Chronicles -- Esra -- Nehemiah -- Esther -- Job -- Psalms -- Proverbs -- Ecclesiastes -- Song of songs -- Old Testament prophecy -- Isaiah -- Daniel -- Amos -- Jonah -- The literature of the New Testament -- Mattew. -Mark -- Luke ohn -- The parables -- Acts -- The epistles -- Revelation -- The literary influence of the Bible -- The novelist and the Bible -- The Bible through a poer's eyes -- The value of a literary approach for preaching. | |
| 526 | _aSEG42 | ||
| 526 | _aSEG41 | ||
| 526 | _aSEG40 | ||
| 526 | _aSEG39 | ||
| 526 | _aP94 | ||
| 526 | _aP87 | ||
| 526 | _aP86 | ||
| 526 | _aP85 | ||
| 526 | _aP77 | ||
| 526 | _aP76 | ||
| 526 | _aP35 | ||
| 630 | 0 | 4 |
_aBiblia _xCrítica, interpretación, etc. |
| 650 | 1 | 4 | _aBiblia como literatura. |
| 700 | 1 |
_aRyken, Leland y Longman, Tremper, _eeditor. |
|
| 942 |
_2ddc _cBK _n0 |
||
| 949 |
_a809.935 22 C737 _wDEWEY _c1 _i44861 _lCCODEBUL1 _mBUL _r0 _sY _tBOOK _u2015-6-24 _xTEOLOGIA _0COMPRA _o.STAFF. Colección Teología |
||
| 980 |
_81 _gALBERTO SANCHEZ Responsable de Automatización |
||
| 999 |
_c21736 _d21736 |
||